00470nam a2200169Ia 4500003000400000005001700004008004100021040000700062041000800069082001900077100001500096245009900111260004200210365001300252650001400265650002100279OSt20230607080854.0210423s2000 xx 000 0 und d cAL aeng a331 223bBHAR aBHAGAT (M) aRehabititation of workers affected by closure relations of hahardous industrial units in Delhi aNew DelhibSri Ramakrishna mathc2000 b150cINR aEconomics aLabour Economics